MDQL
is popping MORE tags! Check the
thread
!
Quizzes
Events
Quiz Creation
Community
Videos
Private Events
Remove Ads
Sign In
Join for FREE
Feedback
Dark Mode
Quiz Categories
Sports
Geography
Music
Movies
Television
Just For Fun
Miscellaneous
History
Literature
Language
Science
Gaming
Entertainment
Religion
Holiday
For Kids
Quiz Lab
Recent
Popular Today
Quiz Kudos Today
Editor Picks
Curator Picks
Quizzes by...
Day
Popularity
Type
Ratings
Length
Year
Community
Subscriptions
Recent Discussions
Orange Saloon
Badges
Playlists
Quests
Create
Leaderboards
Showdown
Live 5
Trivia Bingo
Activity
Puzzle Library
Sporcle Events
Private Events
Virtual Trivia
Globe League
Become a Host
Pub Owners
SporcleCon
Opinionation
Our Games
Videos
Blog
Mobile Apps
Partnerships
Remove Ads and Go Orange
Feedback
Sports
Athletes
MLB
NBA
NHL
NFL
Soccer
Sports Teams
WWE
NCAA
Football
Premier League
Basketball
Baseball
Hockey
Golf
Tennis
Cricket
Rugby
Auto Racing
Olympics
World Cup
Sports
Athletes
MLB
NBA
NHL
NFL
Soccer
Sports Teams
WWE
NCAA
Football
Premier League
Basketball
Baseball
Hockey
Golf
Tennis
Cricket
Rugby
Auto Racing
Olympics
World Cup
Random Quiz
Search Sporcle
×
Quiz Lab
Quiz Lab
Sports
NASCAR
Type in answers that appear in a list
Type in answers that appear in a list
Classic
Best Score? Go Orange.
2013 NASCAR Drivers Stats
Can you name the 2013 NASCAR Drivers
By
filterpiece23
15m
95 Questions
80 Plays
80 Plays
80 Plays
Comments
Comments
Give Quiz Kudos
Give Quiz Kudos
-
- Ratings
hide this ad
Replay
Link that replays current quiz
Next Quiz
Link to next quiz in quiz playlist
You Got
0%
They Got
Avg Score
70%
Avg Friend Score
Upgrade to see
Score Distribution
Jump to the score distribution portion of the page
Score
0/95
Timer
15:00
0
Plays Today
Number
Driver
% Correct
5
Kasey Kahne
95%
24
Jeff Gordon
95%
2
Brad Keselowski
93.8%
14*
Tony Stewart
93.8%
18
Kyle Busch
93.8%
1
Jamie McMurray
92.5%
11*
Denny Hamlin
91.3%
20
Matt Kenseth
91.3%
29
Kevin Harvick
91.3%
78
Kurt Busch
91.3%
15
Clint Bowyer
90%
16
Greg Biffle
90%
22
Joey Logano
90%
52*
Brian Keselowski
90%
92
Brian Keselowski
90%
99
Carl Edwards
90%
9
Marcos Ambrose
88.8%
11*
Mark Martin
88.8%
14*
Mark Martin
88.8%
17
Ricky Stenhouse
88.8%
48
Jimmie Johnson
88.8%
55*
Mark Martin
88.8%
10
Danica Patrick
87.5%
42
Juan Pablo Montoya
87.5%
88
Dale Earnhardt
87.5%
7*
Dave Blaney
86.3%
13
Casey Mears
86.3%
27
Paul Menard
86.3%
21
Trevor Bayne
83.8%
39
Ryan Newman
83.8%
30*
Michael Waltrip
82.5%
55*
Michael Waltrip
82.5%
Number
Driver
% Correct
32*
Terry Labonte
81.3%
47*
Bobby Labonte
81.3%
51*
Bobby Labonte
81.3%
11*
Brian Vickers
80%
34
David Ragan
80%
51*
Regan Smith
80%
55*
Brian Vickers
80%
12
Sam Hornish
78.8%
31
Jeff Burton
78.8%
35*
Michael McDowell
78.8%
43
Aric Almirola
78.8%
51*
Michael McDowell
78.8%
95*
Michael McDowell
78.8%
98*
Michael McDowell
78.8%
51*
Ryan Truex
77.5%
87*
Joe Nemechek
77.5%
38
David Gilliland
76.3%
55*
Elliott Sadler
76.3%
81
Elliott Sadler
76.3%
14*
Austin Dillon
73.8%
33*
Austin Dillon
73.8%
33*
Landon Cassill
73.8%
40*
Landon Cassill
73.8%
51*
Austin Dillon
73.8%
47*
AJ Allmendinger
72.5%
51*
AJ Allmendinger
72.5%
30*
David Stremme
70%
35*
Josh Wise
70%
56
Martin Truex Jr.
70%
93
Travis Kvapil
70%
36*
JJ Yeley
68.8%
37
JJ Yeley
68.8%
Number
Driver
% Correct
19*
Mike Bliss
66.3%
51*
Kyle Larson
65%
95*
Scott Speed
65%
95*
Reed Sorenson
62.5%
51*
Justin Allgaier
60%
30*
Cole Whitt
57.5%
30*
Parker Kligerman
55%
32*
Timmy Hill
55%
33*
Brian Scott
53.8%
83
David Reutimann
53.8%
44
Scott Riggs
52.5%
95*
Scott Riggs
52.5%
32*
Boris Said
51.3%
36*
Victor Gonzalez
51.3%
14*
Max Papis
50%
32*
Ken Schrader
47.5%
19*
Jason Leffler
46.3%
33*
Tony Raines
43.8%
40*
Tony Raines
43.8%
33*
Ron Fellows
42.5%
19*
Alex Kennedy
41.3%
52*
Morgan Shepherd
40%
51*
Brendan Gaughan
37.5%
95*
Blake Koch
35%
87*
Tomy Drissi
33.8%
98*
Johnny Sauter
32.5%
52*
Paulie Harraka
31.3%
7*
Justin Marks
28.8%
30*
Kevin Swindell
28.8%
51*
Owen Kelly
22.5%
51*
Jacques Villeneuve
20%
Quiz Playlist
Details
Report
Send in Message
Add To Playlist
Classic:
Type in answers that appear in a list
Last Updated: Feb 16, 2017
Quiz Scoreboard
CHALLENGE
Sign Up to Join the Scoreboard
Show All
Scores
Hide
Comments
May contain spoilers
Recently Published
1-10 Letter E Words III
by El_Dandy
Language
2m
Street Fighter Characters
by Artimus82
Gaming
60s
College Basketball Coaching Resumes
by pancakes188
Sports
9m
More to Explore
Quiz From the Vault
Featured Blog Post
Where Did the Easter Bunny Come From?
hide this ad
You Might Also Like...
Tags
2013
Driver
NASCAR
Today's Top Quizzes in Sports
Browse Sports
hide this ad
Today's Top Quizzes in NASCAR
Browse NASCAR
Top Contributed Quizzes in Sports
1
2022 World Cup Stars
2
Les meilleurs buteurs des matchs entre le PSG et l’OM
3
FIFA Club World Cup Champions
4
Les entraîneurs de l'OM et du PSG au 21e siècle
5
Criteria MLB: Left Handed Sluggers
6
2023 MLB Unique Player Accomplishments
7
AFC Teams Reveal (Wrong Answers Minefield)
8
Players with Multiple 50 Home Run Seasons
9
5-to-1: FBS Animal Nicknames
10
5-to-1: UK Sports Teams
Explore More
Trending Topics
Anime
Kpop
Harry Potter
Marvel
Disney
Crossword
NBA
The Office
NFL
Pokémon
Puzzle
WWE
Country
Song
Soccer
hide this ad
More By:
filterpiece23
Quiz
Plays
Rating
Category
Featured
Created
How I Met Your Mother: Have they Locked Lips?
218
2.00
Television
Dec 27, 2015
2013 NASCAR Drivers
80
5.00
Sports
Jan 23, 2014
NFL By the Numbers: Green Bay Packers
73
Sports
Jul 19, 2014
2013 NCAA Tournament: How Far Did They Make It?
64
Sports
Mar 30, 2014
Path to the Championship: 2010s
54
1.00
Sports
Apr 6, 2016
Go to Creator's Profile
Score Distribution
Quiz Creator Spotlight
filterpiece23
Follow
Send a Message
Quizzes Created
-
Created Quiz Play Count
-
More By This Creator
Popular Quizzes Today
1
Find the US States - No Outlines Minefield
2
Find the Countries of Europe - No Outlines Minefield
3
The Countries of the World
4
Find the US States
5
Risky Map Clicking: Biggest States A-Z
6
US States
7
Popular People in 1961
8
Movies - When Are They Set?
More Sports Quizzes
Picture Click: Titans QBs
Quiz Lab
Trending Quizzes
Risky Map Clicking: Least Populous States A-Z
1-10 Letter G Words
USA Borders Longest to Shortest
1-10 Letter F Words
Countries of the World: 200 Million BC
Recently Updated
Leaping Animals
pecheneg
Reality TV Shows (A-Z)
bhenderson79
Rickey Henderson's Hall of Fame Teammates
pecheneg
Champions League XIs: Arsenal
pecheneg
Quick Pick: Celebrities in WWE's Hall of Fame
aduchscher
A-Z Keypad Blitz II
pecheneg
Multiple Oscar Actors
pecheneg
Mystery Phrase Blitz: Oscar 'Best Actors'
pecheneg
F. Scott Fitzgerald Novels
LTH
Pick 3 Villains
ddd62291
Trending Topics
NBA
Crossword
Marvel
Anime
Kpop
Harry Potter
Disney
Soccer
The Office
WWE
Song
Pokémon
Puzzle
NFL
Country
Your Account Isn't Verified!
In order to create a playlist on Sporcle, you need to verify the email address you used during registration. Go to your
Sporcle Settings
to finish the process.
Report this User
Report this user for behavior that violates our
Community Guidelines
.
Details:
Send Report
Go to the Sporcle.com Mobile Site →
Comments